000 00288nam a22001217a 4500
008 170609b xxu||||| |||| 00| 0 eng d
041 _aeng
080 _a327
100 _a19
101 _aSHP
245 _aTHE AMERICAN THE DEMOCRATIC EXPERIENCE
_cBOORSTEIN.D.J
942 _2udc
_cBK
999 _c16617
_d16617